000
00286nam a22001337a 4500
008
171003b xxu||||| |||| 00| 0 eng d
020
_a
9780195379594
041
_a
eng
080
_2
11th
_a
159.9
100
_a
48
101
_a
PSI
245
_a
INTERPLAY
_c
ADLER,R.B
942
_2
udc
_c
BK
999
_c
31261
_d
31261